MARC

Tag First Indicator Second Indicator Subfields
LEADER 00000cam a2200000Ia 4500
001 in00002118902
005 20190326103945.0
006 m d
007 cr cnu---unuuu
008 050813s2003 onca sb f000 0 eng d
020 |a 1552501973 (electronic bk.) 
035 |a (OCoLC)ocm61261159 
040 |a N$T  |c N$T  |d UtOrBLW 
049 |a IICN 
050 1 4 |a SB123  |b .V47 2003eb 
055 1 4 |a SB123 
055 1 3 |a SB123  |b V47 2003 
055 1 3 |a COP.CA.2.2003-2226 
082 0 4 |a 631.5/2  |2 22 
100 1 |a Vernooy, Ronnie,  |d 1963- 
245 1 0 |a Seeds that give :  |b participatory plant breeding /  |c by Ronnie Vernooy. 
246 3 0 |a Participatory plant breeding 
264 1 |a Ottawa :  |b International Development Research Centre,  |c [2003] 
264 4 |c ©2003 
300 |a x, 93 pages :  |b illustrations ;  |c 23 cm. 
336 |a text  |b txt  |2 rdacontent 
337 |a computer  |b c  |2 rdamedia 
338 |a online resource  |b cr  |2 rdacarrier 
490 1 |a In focus 
500 |a Distributed by the Government of Canada Depository Services Program. 
504 |a Includes bibliographical references (pages 86-92). 
533 |a Electronic reproduction.  |b Boulder, Colo. :  |c NetLibrary,  |d 2005.  |n Available via World Wide Web.  |n Access may be limited to NetLibrary affiliated libraries. 
500 |a Electronic resource. 
650 0 |a Plant breeding. 
650 0 |a Plant breeding  |v Case studies. 
650 0 |a Field crops  |x Breeding. 
650 0 |a Agrobiodiversity conservation. 
650 6 |a Plantes  |x Amélioration. 
650 6 |a Plantes  |x Amélioration  |v Cas, Études de. 
650 6 |a Cultures de plein champ  |x Amélioration. 
650 6 |a Biodiversité agricole  |x Conservation. 
655 7 |a Electronic books.  |2 local 
710 2 |a International Development Research Centre (Canada) 
710 2 |a NetLibrary, Inc. 
776 1 |c Original  |z 1552500144  |w (DLC) 2004266833  |w (OCoLC)52039937 
830 0 |a In focus (International Development Research Centre (Canada)) 
856 4 0 |u http://proxy.library.tamu.edu/login?url=http://www.netLibrary.com/urlapi.asp?action=summary&v=1&bookid=136082  |z Connect to the full text of this electronic book  |t 0 
994 |a 92  |b IIC 
999 |a MARS 
999 f f |s c191586d-1833-3e8b-816c-9a09a101c867  |i a7c55cf3-2ded-31a6-8535-a0abac77c626  |t 0 
952 f f |a Texas A&M University  |b College Station  |c Electronic Resources  |d Available Online  |t 0  |e SB123 .V47 2003eb  |h Library of Congress classification 
998 f f |a SB123 .V47 2003eb  |t 0  |l Available Online